| 000 | 00821nam a2200265 a 4500 | ||
|---|---|---|---|
| 001 | 013471832 | ||
| 003 | UkOxU | ||
| 005 | 20160302105403.0 | ||
| 008 | 980415s1998 enk 001 0 eng d | ||
| 020 | _a0333698738 | ||
| 035 | _aBNB2488.665 | ||
| 040 |
_aOX/U-1 _cDLC |
||
| 082 | _aR/822 GIL | ||
| 100 | 1 |
_aGill, Richard, _d1945- |
|
| 245 | 1 | 0 |
_aMastering Shakespeare / _cRichard Gill ; illustrations by Stephen Cranham. |
| 246 | 3 | 0 | _aShakespeare |
| 260 |
_aBasingstoke : _bMacmillan, _c1998. |
||
| 300 |
_axviii, 398 p. ; _c24 cm. |
||
| 504 | _aIncludes bibliographical references and index. | ||
| 600 | 1 | 0 |
_aShakespeare, William, _d1564-1616 _xCriticism and interpretation. |
| 830 | 0 | _aMacmillan master series | |
| 942 |
_2ddc _cBK |
||
| 999 |
_c5483 _d5483 |
||